یہ پھول خاموش تھا (ناول)۔ (Record no. 20599)

MARC details
000 -LEADER
fixed length control field 01576nam a22002897a 4500
005 - DATE AND TIME OF LATEST TRANSACTION
control field 20090105154936.0
008 - FIXED-LENGTH DATA ELEMENTS--GENERAL INFORMATION
fixed length control field 081223t xxu||||| |||| 00| 0 urd d
010 ## - LCCN (DPL NO)
LC control number UR-7541
020 ## - INTERNATIONAL STANDARD BOOK NUMBER
Terms of availability 160.00
International Standard Book Number 8182233488
035 ## - SYSTEM CONTROL NUMBER
System control number B-283839-843
035 ## - SYSTEM CONTROL NUMBER
System control number U-6096
040 ## - CATALOGING SOURCE
Original cataloging agency dpl
Language of cataloging ur
082 ## - DEWEY DECIMAL CLASSIFICATION NUMBER
Classification number ن
100 ## - MAIN ENTRY--PERSONAL NAME
Personal name نقوی، نقشبند قمر
245 ## - TITLE STATEMENT
Title یہ پھول خاموش تھا (ناول)۔
Statement of responsibility, etc نقشبند قمرنقوی
246 ## - VARYING FORM OF TITLE
Title proper/short title Yeh phool khamosh tha
Remainder of title by Naqshband Qamar Naqvi
260 ## - PUBLICATION, DISTRIBUTION, ETC. (IMPRINT)
Place of publication, distribution, etc دہلی
Name of publisher, distributor, etc ایجو کیشنل پبلیشنگ ہاوس
Date of publication, distribution, etc 2008
300 ## - PHYSICAL DESCRIPTION
Extent 82 p.
Dimensions 22 cm. (Hb)
650 ## - SUBJECT ADDED ENTRY--TOPICAL TERM
Topical term or geographic name as entry element Urdu Novel
942 ## - ADDED ENTRY ELEMENTS (KOHA)
Source of classification or shelving scheme Dewey Decimal Classification
Item type Urdu Bks
Classification part ن
Call number suffix ن ق و
Holdings
Withdrawn status Lost status Source of classification or shelving scheme Damaged status Not for loan Collection code Home library Current library Date acquired Cost, normal purchase price Total Checkouts Full call number Barcode Date last seen Copy number Cost, replacement price Koha item type Total Renewals Source of acquisition
    Dewey Decimal Classification     Fiction Central Library Central Library 05/01/2009 160.00 2 ن ن ق و B-283839 29/12/2018 1 160.00 Urdu Bks    
    Dewey Decimal Classification   Not For Loan Fiction D.B.Act.Division D.B.Act.Division 05/09/2009 160.00   ن ن ق و U-6096 05/09/2009 1 160.00 Urdu Bks   DBAD / PUB
    Dewey Decimal Classification     Fiction Karol Bagh Karol Bagh 05/01/2009 160.00   ن ن ق و B-283842 05/01/2009 1 160.00 Urdu Bks    
    Dewey Decimal Classification     Fiction Patel Nagar Patel Nagar 05/01/2009 160.00   ن ن ق و B-283840 05/01/2009 1 160.00 Urdu Bks    
    Dewey Decimal Classification     Fiction Sarojini Nagar Sarojini Nagar 05/01/2009 160.00   ن ن ق و B-283841 05/01/2009 1 160.00 Urdu Bks    
    Dewey Decimal Classification     Fiction Shahdara Branch Shahdara Branch 05/01/2009 160.00 2 ن ن ق و B-283843 29/09/2021 1 160.00 Urdu Bks 1  

© Delhi Public Library
Hit Counter
free hit counter